000 00952cam a2200229 4500
001 WB3816-09
008 020501n2002 000 0 eng u
035 _a(Sirsi) u117795
245 2 _aA more sustainable Scotland
260 _c2002
490 _aScottish Executive Press Release
_v30 April 2002, (2)
520 _aThe Scottish Executive Environment Group has published a document outlining measures to achieve sustainable development in Scotland. "Meeting the needs: priorities, actions and targets for sustainable development in Scotland" addresses the three areas of energy, travel and resources to develop a more sustainable Scotland. http://www.scotland.gov.uk/PAGES/NEWS/2002/04/SEen023.aspx
590 _aWB
650 _aSUSTAINABLE DEVELOPMENT
650 _aSCOTLAND
650 _aENERGY
_96237
650 _aSCOTTISH EXECUTIVE
650 _aTRAVEL
650 _aRESOURCES
690 _aDEVELOPMENT-SUSTAINABLE
942 _n0
999 _c70145
_d70145